Slo´il Jchi´iltaktik = En sus propias palabras (Record no. 10561)

MARC details
000 -CABECERA
campo de control de longitud fija 01087nam a2200289 a 4500
001 - NÚMERO DE CONTROL
campo de control BRL_1753
005 - FECHA Y HORA DE LA ÚLTIMA TRANSACCIÓN
campo de control 20190320211344.0
008 - DATOS DE LONGITUD FIJA--INFORMACIÓN GENERAL
campo de control de longitud fija 270715s1979----mx-a######---#000-0#spa-#
041 ## - CÓDIGO DE LENGUA
Código de lengua del texto/banda sonora o título independiente spa
044 ## - CÓDIGO DEL PAÍS DE LA ENTIDAD EDITORA/PRODUCTORA
Código MARC del país mx
050 #4 - SIGNATURA TOPOGRÁFICA DE LA BIBLIOTECA DEL CONGRESO
Número de clasificación F1221.T9
Número de documento/Ítem .S56 1979
245 10 - MENCIÓN DE TÍTULO
Título Slo´il Jchi´iltaktik = En sus propias palabras
Resto del título cuatro vidas tzotziles
Mención de responsabilidad, etc. una compilación de John Burnstein, Amber Past y Robert Wasserstrom.
260 ## - PUBLICACIÓN, DISTRIBUCIÓN, ETC.
Lugar de publicación, distribución, etc. México
Nombre del editor, distribuidor, etc. Centro Antropológico de Documentación de América Latina ; Fray Bartolomé de las Casas
Fecha de publicación, distribución, etc. 1979
300 ## - DESCRIPCIÓN FÍSICA
Extensión 217 p.
Otras características físicas il.
Dimensiones 22 cm.
500 ## - NOTA GENERAL
Nota general Au2001
500 ## - NOTA GENERAL
Nota general Incluye dedicatoria a Ruth Lechuga
546 ## - NOTA DE LENGUA/LENGUAJE
Nota de lengua/lenguaje Texto en : español y tzotzil
650 14 - PUNTO DE ACCESO ADICIONAL DE MATERIA--TÉRMINO DE MATERIA
Término de materia o nombre geográfico como elemento de entrada Tzotziles
Subdivisión general Vida social y costumbres
9 (RLIN) 23102
650 14 - PUNTO DE ACCESO ADICIONAL DE MATERIA--TÉRMINO DE MATERIA
Término de materia o nombre geográfico como elemento de entrada Tzotziles
Subdivisión general Condiciones económicas
9 (RLIN) 27792
650 14 - PUNTO DE ACCESO ADICIONAL DE MATERIA--TÉRMINO DE MATERIA
Término de materia o nombre geográfico como elemento de entrada Tzotziles
Subdivisión general Condiciones sociales
9 (RLIN) 25581
700 1# - PUNTO DE ACCESO ADICIONAL--NOMBRE DE PERSONA
Nombre de persona Burnstein, John
Término indicativo de función/relación comp.
9 (RLIN) 27793
700 1# - PUNTO DE ACCESO ADICIONAL--NOMBRE DE PERSONA
Nombre de persona Past, Amber
Término indicativo de función/relación comp.
9 (RLIN) 27794
700 1# - PUNTO DE ACCESO ADICIONAL--NOMBRE DE PERSONA
Nombre de persona Wasserstrom, Robert
Término indicativo de función/relación comp.
9 (RLIN) 27795
740 0# - PUNTO DE ACCESO ADICIONAL--TÍTULO RELACIONADO O ANALÍTICO NO CONTROLADO
Título relacionado o analítico no controlado En sus propias palabras : cuatro vidas tzotziles
902 ## - CATALOGADOR
Iniciales GRL
942 ## - ELEMENTOS DE PUNTO DE ACCESO ADICIONAL (KOHA)
Fuente del sistema de clasificación o colocación Library of Congress Classification
Tipo de ítem Koha Libros
Holdings
Estado de retiro Estado de pérdida Estado dañado No para préstamo Localización permanente Ubicación/localización actual Fecha de adquisición Número de inventario Total de préstamos Signatura topográfica completa Código de barras Fecha visto por última vez Precio válido a partir de Tipo de ítem Koha
El ejemplar forma parte de la colección y puede ser consultado según las políticas vigentes.       Biblioteca Centro de Estudios Ruth D. Lechuga Biblioteca Centro de Estudios Ruth D. Lechuga 27/07/2015 Au2001   F1221.T9 .S56 1979 (Au2001) GRL01919 22/03/2019 22/03/2019 Libros